00438nam a2200157Ia 450000500170000000800460001702000180006303700100008104000180009104100130010908400080012210000200013024500330015026000570018385600400024020260120131014.0008 260114s9999 xx 000 0 eng d a9780191763069 aEBOOK aCRLbengcCRL aeng2eng qCRL aChirwa, Dorward 0aAgricultural Input Subsidies bOxford University PressOxford University Pressc2014 uhttps://academic.oup.com/book/27334